Iniciación y pensamiento simbólico en el Egipto faraónico / (Record no. 182543)

MARC details
000 -LEADER
campo de control de longitud fija 00807nam a2200217 i 4500
001 - NÚMERO DE CONTROL
campo de control 182543
003 - IDENTIFICADOR DE NÚMERO DE CONTROL
campo de control ES-MaACL
005 - FECHA Y HORA DE LA ÚLTIMA TRANSACCIÓN
campo de control 20251204063026.0
008 - DATOS DE LONGITUD FIJA--INFORMACIÓN GENERAL
campo de control de longitud fija 130913s2012 ag |||| | spa d
100 1# - ENTRADA PRINCIPAL--NOMBRE DE PERSONA
Nombre de persona Schwarz, Fernand,
Fechas asociadas al nombre 1951-
9 (RLIN) 153423
245 10 - MENCIÓN DEL TÍTULO
Título Iniciación y pensamiento simbólico en el Egipto faraónico /
Mención de responsabilidad, etc. Fernando Schwarz ; traducción de Leandro Pinker ; presentación de María Dolores F.- Fígares.
250 ## - MENCION DE EDICION
Mención de edición [2ª ed.].
260 ## - PUBLICACIÓN, DISTRIBUCIÓN, ETC.
Lugar de publicación, distribución, etc. Buenos Aires :
Nombre del editor, distribuidor, etc. Biblos,
Fecha de publicación, distribución, etc. [2012]
300 ## - DESCRIPCIÓN FÍSICA
Extensión 127 p. :
Otras características físicas il. ;
Dimensiones .
650 #7 - PUNTO DE ACCESO ADICIONAL DE MATERIA--TÉRMINO DE MATERIA
Término de materia o nombre geográfico como elemento de entrada Religión egipcia
Fuente del encabezamiento o término embne
9 (RLIN) 16803
700 1# - ENTRADA AGREGADA--NOMBRE PERSONAL
Nombre de persona Pinkler, Leandro.
9 (RLIN) 153424
700 1# - ENTRADA AGREGADA--NOMBRE PERSONAL
Nombre de persona Fígares, María Dolores F.
9 (RLIN) 153425
852 ## - LOCALIZACIÓN
Ubicación ES-MaACL
Número de control de estantería A-12928
itemnumber 189456
Sublocalización o colección R.149848
Ubicación en estantería Depósito 1
Signatura antigua Olim: N-5928
942 ## - ELEMENTOS DE ENTRADA SECUNDARIOS (KOHA)
Fuente del sistema de clasificación o colocación Clasificación decimal universal
Tipo de ítem Koha Libro impreso
Holdings
Estatus retirado Estado de pérdida Fuente del sistema de clasificación o colocación Estado de daño No para préstamo Biblioteca de origen Biblioteca actual Ubicación en estantería Fecha de adquisición Fuente de adquisición Total de préstamos Signatura topográfica completa Código de barras Visto por última vez Precio de reemplazo Tipo de ítem Koha
    Clasificación decimal universal     Biblioteca del Ateneo de Madrid Biblioteca del Ateneo de Madrid Depósito 1 16/09/2013 Compra   A-12928 1191835 23/02/2023 23/02/2023 Libro impreso